000 00306nam a22001337a 4500
008 170322b xxu||||| |||| 00| 0 eng d
020 _a0195118243
041 _aeng
080 _a616.8
100 _a7
101 _aSHM
245 _aTHE SYNA[TIC ORGANIZATION OF THE BRAIN
_cSHEPHERD.G.M
942 _2udc
_cBK
999 _c8358
_d8358